000 00796nam a2200217 i 4500
001 130569
003 ES-MaACL
005 20251114101241.0
007 t|
008 070801s1988 fr ||||1| fre d
080 _a782.1(083.97)
100 1 _aOhana, Maurice.
_986583
240 1 0 _aLa Celestina.
_lFrancés
245 1 3 _aLa Célestine :
_btragi-comédie lyrique en un prologue et 11 tableaux /
_cadaptation et livret de Maurice Ohana d'après Fernando de Rojas ; texte français d'Odile Marce.
260 _aParis :
_bThéâtre national de l'Opéra,
_c1988.
300 _a101 p. ;
_c24 cm.
700 1 _aRojas, Fernando de,
_dca. 1470-1541
_999042
700 1 _aMarcel, Odile.
_976364
852 4 _aES-MaACL
_jE-11881
_z- Biblioteca Jacinto Martínez Lacalle
999 _c130569
_d130569